45 Countries, 45 Cities - Easy Version - Statistics

General Stats
  • This quiz has been taken 24 times
  • The average score is 37 of 45
Answer Stats
City Country % Correct
DE Dresden Germany
100%
IT Palermo Italy
100%
MT Valletta Malta
100%
MC Monaco Monaco
100%
PL Wrocław Poland
100%
ES Valencia Spain
100%
UA Lviv Ukraine
100%
VA Vatican City Vatican City
100%
BE Ghent Belgium
95%
DK Aarhus Denmark
95%
FI Tampere Finland
95%
FR Nantes France
95%
NL Haarlem Netherlands
95%
CH Lausanne Switzerland
95%
GB Sheffield United Kingdom
95%
AT Graz Austria
90%
CZ Brno Czech Republic
90%
IE Waterford Ireland
90%
LT Kaunas Lithuania
90%
NO Trondheim Norway
90%
RU Kazan Russia
90%
RS Novi Sad Serbia
90%
SE Uppsala Sweden
90%
BG Varna Bulgaria
80%
HR Zadar Croatia
80%
RO Timișoara Romania
80%
EE Narva Estonia
75%
GR Patras Greece
75%
HU Debrecen Hungary
75%
LI Schaan Liechtenstein
75%
PT Coimbra Portugal
75%
AL Durrës Albania
70%
LU Diekirch Luxembourg
70%
MD Tiraspol Moldova
70%
SK Košice Slovakia
70%
BA Mostar Bosnia and Herzegovina
65%
IS Kópavogur Iceland
65%
AD Encamp Andorra
60%
BY Gomel Belarus
60%
XK Prizren Kosovo
60%
LV Daugavpils Latvia
60%
ME Kotor Montenegro
55%
MK Monastir North Macedonia
55%
SM Dogana San Marino
55%
SI Koper Slovenia
50%
No matching quizzes found
Score Distribution
Percent of People with Each Score
Percentile by Number Answered
Your Score History
You have not taken this quiz